Dates du 20è siècle... à 10 ans près. - Statistiques

Statistiques générales
  • Ce quiz a été pris 1 596 fois
    415 depuis la dernière actualisation
  • Le résultat moyen est 14 sur 48
Statistiques - réponses
Hint Réponse % Correct
Année du début de la Première Guerre mondiale. 1914
100%
Année de la capitulation du Troisième Reich (7 et 8 mai). 1945
90%
Année de la chute de l'URSS. 1991
86%
Année de la fin de la Première Guerre mondiale. 1918
73%
Année du début de la guerre d'Espagne (17 juillet). 1936
72%
Année de la chute du mur de Berlin. 1989
62%
Le 12 juillet de cette année là, le capitaine Alfred Dreyfus fut acquitté. 1906
54%
Année de la marche sur Rome de Benito Mussolini. 1922
53%
Année de début de guerre du Viêt Nam. 1955
48%
Année de la création de l'État d'Israël et de l'assassinat de Gandhi. 1948
45%
Année de la signature des Accords d'Évian qui mettent fin à la guerre d'Algérie. 1962
44%
Année du deuxième choc pétrolier. 1979
42%
Année du début de la Seconde Guerre mondiale. 1939
39%
Année du début du génocide arménien (Avril). 1915
37%
Année de la proclamation de la République populaire de Chine (1er octobre). 1949
37%
Année du débarquement de Provence (15 août) par les troupes alliées. 1944
30%
Année où Hitler devient chancelier du Reich (30 janvier) 1933
28%
Année de création de la Communauté économique européenne (CEE) (25 mars). 1957
27%
Année du krach boursier aux États-Unis (29 octobre). 1929
26%
Année de la fin de la guerre d'Espagne (1er avril). 1939
25%
Année de la révolution d'Octobre à Pétrograd (25 octobre). 1917
24%
Année de fin de la guerre du Viêt Nam. 1975
24%
Année de la fin du génocide arménien (Juillet). 1916
23%
Année de l'éviction de Trotski au profit de Staline en U.R.S.S. 1926
23%
Année de la fin de la Seconde Guerre mondiale. 1945
20%
Année de l'opération militaire du débarquement de Normandie/D-day (5 au 6 juin). 1944
19%
Année du premier choc pétrolier. 1973
19%
Année du début de la guerre Iran-Irak. 1980
19%
Année de l'invasion de la Mandchourie par le Japon (19 septembre). 1931
18%
Année des bombardements atomiques d'Hiroshima et de Nagasaki (6 et 9 août). 1945
18%
Année de la création de l'axe Rome-Berlin-Tokyo/forces de l'Axe (1er novembre). 1936
17%
Année de la tentative de putsch d'Hitler à Munich (8-9 novembre). 1923
16%
Année de la mort de Staline (5 mars). 1953
16%
Année des accords du Latran (11 février). 1929
14%
Année du débarquement de la baie des Cochons à Cuba. 1961
14%
Année de la bataille de France/campagne de France (mai-juin). 1940
13%
Année de la construction du mur de Berlin (13 août). 1961
13%
Année de la crise des missiles de Cuba. 1962
13%
Année de l'assassinat de Martin Luther King (4 avril). 1968
13%
Année de la fin de la dictature du général Franco en Espagne. 1975
12%
Année où la population mondiale atteint 4 milliards. 1975
11%
Année de la fin de la guerre Iran-Irak. 1988
11%
Année de la conférence de Munich (29 au 30 septembre) qui donnera lieu à la signature des Accords de Munich. 1938
9%
Année de la fin de la seconde guerre des Boers. 1902
8%
Année de l'assassinat de Trotski à Mexico (21 août). 1940
8%
Année du début de la seconde guerre des Boers. 1899
5%
Année de création du Conseil de l'Europe (5 mai). 1949
5%
Année la "Longue Marche" de l'Armée populaire de libération. 1934
3%
Aucun quiz correspondant
Distribution des résultats
% des personnes avec chaque résultat
Percentile par nombre de réponses
Votre historique - résultats
Vous n’avez pas pris ce quiz depuis la dernière actualisation